[Event "BAN-chT"]
[Site "Dhaka"]
[Date "2013.11.05"]
[Round "4"]
[White "Ahmed, Sk Nasir"]
[Black "Mohammed, Shameem"]
[Result "1-0"]
[WhiteElo "2352"]
[BlackElo "2017"]
[PlyCount "43"]
[EventDate "2013.11.02"]
[EventType "team-tourn"]
[EventRounds "9"]
[EventCountry "BAN"]
[SourceTitle "CBM 157 Extra"]
[Source "ChessBase"]
[SourceDate "2013.12.19"]
[SourceVersion "1"]
[SourceVersionDate "2013.12.19"]
[SourceQuality "1"]

1. e4 d6 2. d4 g6 3. Nc3 Bg7 4. Bg5 Nf6 5. f4 c6 6. Qd2 Qa5 7. Nf3 Bg4 8. Be2 b5 9. h3 Bd7 10. Bd3 Na6 11. 0-0 Qb6 12. Kh2 e6 13. e5 dxe5 14. fxe5 Nd5 15. Ne4 0-0 16. Nf6+ Nxf6 17. exf6 Bh8 18. Bh4 Qd8 19. Ne5 Be8 20. Ng4 h5 21. Bxg6 hxg4 22. Be4 1-0